Statistisches Jahrbuch 1991 Fürstentum Liechtenstein

Gespeichert in:
Bibliographische Detailangaben
Format: Buch
Sprache:Deutsch
Veröffentlicht: Vaduz Amt für Volskwirtschaft 1991
Ausgabe:1. Aufl.
Schlagworte:
Tags: Tag hinzufügen
Keine Tags, Fügen Sie das erste Tag hinzu!

MARC

LEADER 00000nam a2200000 4500
001 c003325
005 20221214102229.8
041 0 |a ger 
044 |a LI 
245 1 0 |a Statistisches Jahrbuch 1991  |b Fürstentum Liechtenstein 
250 |a 1. Aufl. 
264 1 |a Vaduz  |b Amt für Volskwirtschaft  |c 1991 
300 |a 367 s. 
610 2 0 |a Lichtenštajnsko 
610 2 0 |a 1991 
610 2 0 |a migrácia 
610 2 0 |a dôchodok národný 
610 2 0 |a poľnohospodárstvo 
610 2 0 |a trh práce 
610 2 0 |a priemysel 
610 2 0 |a obchod 
610 2 0 |a ruch cestovný 
610 2 0 |a doprava 
610 2 0 |a energia 
610 2 0 |a poisťovníctvo 
610 2 0 |a bankovníctvo 
610 2 0 |a financie 
610 2 0 |a vzdelanie 
610 2 0 |a zdravotníctvo 
610 2 0 |a súdnictvo